000 00728nam a2200265Ia 4500
003 OSt
005 20221006151203.0
006 a|||||r|||| 00| 0
007 ta
008 221006b |||||||| |||| 00| 0 jpn d
020 _c¥1200
024 _a21,235
037 _bGift, Japan Foundation
_cTextual
040 _aEASL
_cEASL
_bjpn
041 _2jpn
_ajpn
082 _aY:1.4.N8, M4
100 _aNAGAI Michio Ed.
_9339301
245 0 _aHiseiyo shakai ni okeru kaihatsu
260 _aTokyo
_bTokyo Daigaku Shuppankai Japan
_c1984
300 _a348p.
_ccm.
490 _v JL
650 _aJL
942 _hY:1.4.N8, M4
_cTEXL
_2CC
999 _c1089321
_d1089321